[Event "Qatar Masters Open 2015"]
[Site "Doha QAT"]
[Date "2015.12.23"]
[Round "4.64"]
[White "Vogel, Roven"]
[Black "Bartel, Marta"]
[Result "1-0"]
[WhiteElo "2439"]
[BlackElo "2271"]
[PlyCount "99"]
[EventDate "2015.12.20"]
[EventType "swiss"]
[EventRounds "9"]
[EventCountry "QAT"]
[Source "lmi"]
[SourceDate "2015.12.20"]

1. c4 Nf6 2. Nc3 d5 3. cxd5 Nxd5 4. g3 g6 5. Bg2 Nb6 6. d3 Bg7 7. Be3 O-O 8. h4
h6 9. Qd2 Kh7 10. f4 h5 11. g4 N8d7 12. gxh5 gxh5 13. Ne4 Nf6 14. Nxf6+ exf6
15. Qa5 Bg4 16. Be4+ Kh8 17. Nh3 c6 18. Nf2 Nd5 19. Qxd8 Rfxd8 20. Nxg4 hxg4
21. Bd2 Bh6 22. e3 Re8 23. Kf2 Ne7 24. f5 Nc8 25. Rhg1 Rg8 26. Bb4 Nb6 27. Bc3
Nd7 28. Rg3 Rae8 29. Rag1 Ne5 30. b3 Kh7 31. Ke2 Re7 32. R1g2 Ree8 33. Bd2 a5
34. d4 Nf3 35. Bxf3 gxf3+ 36. Kxf3 Rxg3+ 37. Rxg3 b6 38. Rg1 Rd8 39. Bc3 Rd7
40. Rg2 Rd6 41. Rc2 Bg7 42. Bb2 b5 43. Ba3 b4 44. Bb2 Kh6 45. e4 Kh5 46. Rc5
Bh6 47. Rxa5 Kxh4 48. Ra8 Bd2 49. Rh8+ Kg5 50. Rh2 1-0

[Event "Qatar Masters Open 2015"]
[Site "Doha QAT"]
[Date "2015.12.23"]
[Round "4.65"]
[White "Siva, Mahadevan"]
[Black "Derakhshani, Dorsa"]
[Result "1/2-1/2"]
[WhiteElo "2400"]
[BlackElo "2307"]
[PlyCount "61"]
[EventDate "2015.12.20"]
[EventType "swiss"]
[EventRounds "9"]
[EventCountry "QAT"]
[Source "lmi"]
[SourceDate "2015.12.20"]

1. d4 Nf6 2. c4 e6 3. Nc3 Bb4 4. Qc2 O-O 5. Nf3 c5 6. dxc5 Na6 7. g3 Nxc5 8.
Bg2 Nfe4 9. Bd2 Bxc3 10. Bxc3 Nxc3 11. Qxc3 Ne4 12. Qd4 Qa5+ 13. Nd2 Nxd2 14.
Qxd2 Qxd2+ 15. Kxd2 Rd8 16. Rhd1 d6 17. Ke1 Kf8 18. a4 a5 19. Ra3 Rd7 20. Rb3
Ra6 21. Rb5 Ke7 22. c5 dxc5 23. Rxd7+ Bxd7 24. Rxb7 Ke8 25. b3 c4 26. bxc4 Bxa4
27. Rc7 Bd7 28. c5 Kd8 29. Rb7 a4 30. Rb2 a3 31. Ra2 1/2-1/2

[Event "Qatar Masters Open 2015"]
[Site "Doha QAT"]
[Date "2015.12.23"]
[Round "4.66"]
[White "Vaishali, R."]
[Black "Piasetski, Leon"]
[Result "1-0"]
[WhiteElo "2313"]
[BlackElo "2287"]
[PlyCount "95"]
[EventDate "2015.12.20"]
[EventType "swiss"]
[EventRounds "9"]
[EventCountry "QAT"]
[Source "lmi"]
[SourceDate "2015.12.20"]

1. Nf3 Nf6 2. g3 d6 3. Bg2 e5 4. d3 Be7 5. O-O O-O 6. c4 Re8 7. Nc3 Bf8 8. b4
h6 9. Bb2 c6 10. e4 Na6 11. a3 Nc7 12. h3 b5 13. cxb5 cxb5 14. d4 exd4 15. Nxd4
Bb7 16. Re1 a6 17. Qb3 Ne6 18. Nf5 Ng5 19. Nd5 Nxd5 20. exd5 Qd7 21. g4 Rxe1+
22. Rxe1 Re8 23. Rxe8 Qxe8 24. Qc3 f6 25. f4 Nf7 26. Nd4 Bc8 27. Kf2 Bd7 28.
Nc6 h5 29. Bf3 Nh6 30. gxh5 Bxh3 31. Qe3 Qc8 32. Qe4 Bf5 33. Qe2 Bg4 34. Bxg4
Qxg4 35. Qxg4 Nxg4+ 36. Kf3 f5 37. Nb8 Be7 38. Nxa6 Bd8 39. Bd4 Kf7 40. Nb8 Bf6
41. Nc6 Ke8 42. Bxf6 Nxf6 43. Nd4 Nxd5 44. Nxf5 Nf6 45. Nxd6+ Kd7 46. Nxb5 Nxh5
47. a4 Nf6 48. Nc3 1-0

[Event "Qatar Masters Open 2015"]
[Site "Doha QAT"]
[Date "2015.12.24"]
[Round "5.9"]
[White "Salem, A.R. Saleh"]
[Black "Ni, Hua"]
[Result "1/2-1/2"]
[WhiteElo "2622"]
[BlackElo "2693"]
[PlyCount "175"]
[EventDate "2015.12.20"]
[EventType "swiss"]
[EventRounds "9"]
[EventCountry "QAT"]
[Source "lmi"]
[SourceDate "2015.12.20"]

1. e4 e5 2. Nf3 Nf6 3. Nxe5 d6 4. Nf3 Nxe4 5. d4 d5 6. Bd3 Be7 7. O-O Nc6 8. c4
Nb4 9. Be2 O-O 10. a3 Nc6 11. cxd5 Qxd5 12. Nc3 Nxc3 13. bxc3 Bf5 14. Re1 Rfe8
15. Bf4 Rac8 16. Qc1 Bf6 17. Qb2 Na5 18. Ne5 Qb3 19. Qd2 Bxe5 20. Bxe5 Nc4 21.
Qg5 Nxe5 22. Qxf5 Ng6 23. Qf3 Rb8 24. g3 Qe6 25. a4 Re7 26. Kg2 Qe4 27. Qxe4
Rxe4 28. Bd3 Rxe1 29. Rxe1 Kf8 30. h4 Ne7 31. Be4 c6 32. a5 h6 33. Kf3 Rd8 34.
Rb1 Rd7 35. Ke3 f5 36. Bg2 Kf7 37. h5 Kf6 38. f4 g6 39. hxg6 Kxg6 40. c4 Rc7
41. Kd3 Rd7 42. Bf3 Kf6 43. c5 a6 44. Rh1 Kg6 45. Re1 Kf6 46. Kc4 Rd8 47. Rh1
Kg6 48. Rb1 Rd7 49. Re1 Kf6 50. Bg2 Rd8 51. Rb1 Rd7 52. Rh1 Kg6 53. Re1 Kf6 54.
Re5 h5 55. d5 cxd5+ 56. Bxd5 Nxd5 57. Rxd5 Rg7 58. Rd6+ Ke7 59. Rh6 Rxg3 60.
Rxh5 Ra3 61. Rh7+ Kd8 62. Rxb7 Rxa5 63. Kd5 Ra4 64. Ke5 Rc4 65. Kxf5 Rxc5+ 66.
Kg6 Rc6+ 67. Kg7 Rc5 68. Rf7 Rc1 69. f5 Rg1+ 70. Kf6 Ke8 71. Ra7 Ra1 72. Ra8+
Kd7 73. Kg7 Kc6 74. f6 Rg1+ 75. Kf8 Kb5 76. f7 a5 77. Ke7 Rg7 78. Ke6 Rxf7 79.
Kxf7 a4 80. Ke6 Kb4 81. Kd5 a3 82. Kd4 Kb3 83. Kd3 Kb2 84. Rb8+ Kc1 85. Ra8 Kb2
86. Kd2 a2 87. Rb8+ Ka1 88. Kc1 1/2-1/2

[Event "Qatar Masters Open 2015"]
[Site "Doha QAT"]
[Date "2015.12.24"]
[Round "5.10"]
[White "Howell, David W L"]
[Black "Ganguly, Surya Shekhar"]
[Result "0-1"]
[WhiteElo "2688"]
[BlackElo "2648"]
[PlyCount "130"]
[EventDate "2015.12.20"]
[EventType "swiss"]
[EventRounds "9"]
[EventCountry "QAT"]
[Source "lmi"]
[SourceDate "2015.12.20"]

1. Nf3 Nf6 2. g3 d5 3. Bg2 e6 4. O-O Be7 5. c4 O-O 6. d4 dxc4 7. Qc2 a6 8. a4
Bd7 9. Qxc4 Bc6 10. Bg5 Bd5 11. Qc2 Be4 12. Qd1 h6 13. Bxf6 Bxf6 14. Nc3 Bxf3
15. Bxf3 c6 16. Qb3 Qc7 17. e3 a5 18. Be2 Na6 19. Ne4 Be7 20. Rac1 Nb4 21. Bc4
Rae8 22. f4 Bd8 23. Qd1 Qe7 24. Qf3 Nd5 25. Rc2 Qb4 26. Nc5 Re7 27. e4 Bb6 28.
exd5 cxd5 29. Qb3 Bxc5 30. dxc5 Qxc5+ 31. Rff2 dxc4 32. Qxc4 Qa7 33. Kg2 Rd7
34. Rfd2 b6 35. Qc6 Rfd8 36. Rxd7 Rxd7 37. h4 h5 38. Kh2 Kh7 39. Qe4+ g6 40.
Qc6 Rd1 41. b3 Rd3 42. Qb5 Rd6 43. Rc8 Rd2+ 44. Kh3 Qb7 45. Qc6 Qa6 46. Rh8+
Kxh8 47. Qc3+ e5 48. Qxd2 exf4 49. gxf4 Qc8+ 50. Kh2 Qc5 51. Qb2+ Kh7 52. Qd2
Qe7 53. Qf2 Qf6 54. Kh1 Qe6 55. Qg3 Qg4 56. Qe3 Qxh4+ 57. Kg2 Qf6 58. Kh2 Qe6
59. Qd3 Qf5 60. Qe3 Qc2+ 61. Kg3 Qc5 62. Qe1 Qd4 63. Qe8 Qg1+ 64. Kf3 Qg4+ 65.
Ke3 Qe6+ 0-1

[Event "Qatar Masters Open 2015"]
[Site "Doha QAT"]
[Date "2015.12.24"]
[Round "5.12"]
[White "Vignesh, N R."]
[Black "Fedoseev, Vladimir"]
[Result "1/2-1/2"]
[WhiteElo "2422"]
[BlackElo "2664"]
[PlyCount "159"]
[EventDate "2015.12.20"]
[EventType "swiss"]
[EventRounds "9"]
[EventCountry "QAT"]
[Source "lmi"]
[SourceDate "2015.12.20"]

1. d4 g6 2. Nf3 Bg7 3. c4 d6 4. g3 Bd7 5. Bg2 c5 6. dxc5 Qa5+ 7. Bd2 Qxc5 8.
Qb3 Nc6 9. O-O Nf6 10. Bc3 Na5 11. Bxa5 Qxa5 12. Nc3 O-O 13. Rac1 Rfc8 14. Nd2
Rab8 15. Rfd1 b5 16. cxb5 Bxb5 17. Qc2 Bxe2 18. Re1 Bg4 19. Rxe7 Bf5 20. Nb3
Qxa2 21. Nxa2 Rxc2 22. Rxc2 Bxc2 23. Nd4 Rxb2 24. Nc3 Bd3 25. Rxa7 h5 26. Ra8+
Kh7 27. Ra2 Rb4 28. Ra4 Rb8 29. h3 Nd7 30. Nc6 Rb2 31. Ra7 Nc5 32. Nd5 Rb1+ 33.
Kh2 Rb7 34. Rxb7 Nxb7 35. Ncb4 Bb1 36. Nc7 Nc5 37. Ne8 Bf8 38. Nd5 Bc2 39. Nb6
Bb3 40. Nc8 Nd3 41. f4 h4 42. Ncxd6 hxg3+ 43. Kxg3 f5 44. Bf1 Nb4 45. Bc4 Bxc4
46. Nxc4 Nd5 47. Ne5 Bb4 48. Kf3 Ba3 49. Nd7 Be7 50. Ne5 Bb4 51. Nc4 Kh6 52.
Ned6 Kh5 53. Nf7 Nc7 54. Nce5 Bc3 55. Nd3 Ne6 56. Nfe5 Kh6 57. Nf7+ Kh5 58.
Nfe5 Ba5 59. Nf7 Bc7 60. Nfe5 Nd4+ 61. Kf2 Kh6 62. Nf7+ Kg7 63. Nfe5 Ne6 64.
Kf3 Nxf4 65. Kxf4 Kf6 66. Kf3 Bxe5 67. Kg2 Bd6 68. Kf3 Ke6 69. Ne1 Be7 70. Nd3
Bg5 71. Ne1 Kd5 72. Nd3 Bh6 73. Nb4+ Kc5 74. Nd3+ Kd4 75. Nf4 Bxf4 76. Kxf4 Kd5
77. h4 Ke6 78. Kg5 Ke7 79. h5 gxh5 80. Kxf5 1/2-1/2

[Event "Qatar Masters Open 2015"]
[Site "Doha QAT"]
[Date "2015.12.24"]
[Round "5.18"]
[White "Moiseenko, Alexander"]
[Black "Tregubov, Pavel V"]
[Result "0-1"]
[WhiteElo "2689"]
[BlackElo "2589"]
[PlyCount "70"]
[EventDate "2015.12.20"]
[EventType "swiss"]
[EventRounds "9"]
[EventCountry "QAT"]
[Source "lmi"]
[SourceDate "2015.12.20"]

1. d4 d5 2. c4 c6 3. Nc3 Nf6 4. Nf3 dxc4 5. a4 Bf5 6. Nh4 Bg4 7. h3 Bh5 8. g4
Bg6 9. Nxg6 hxg6 10. e3 e5 11. Bxc4 Bb4 12. Kf1 Qe7 13. g5 Nh5 14. h4 a5 15. d5
Nd7 16. dxc6 bxc6 17. Qc2 Rd8 18. Qe4 Qd6 19. Kg2 Nc5 20. Qg4 O-O 21. Rd1 Qe7
22. Na2 Rxd1 23. Qxd1 Rd8 24. Qe2 Ne4 25. Nxb4 Qxb4 26. b3 Qb7 27. Qf3 Nd6 28.
Ba3 Nxc4 29. bxc4 f5 30. Rd1 Rxd1 31. Qxd1 f4 32. Bc5 Qf7 33. Qd6 f3+ 34. Kg1
Qf5 35. e4 Qh3 0-1

[Event "Qatar Masters Open 2015"]
[Site "Doha QAT"]
[Date "2015.12.24"]
[Round "5.19"]
[White "Adhiban, B."]
[Black "Al-Sayed, Mohammed"]
[Result "0-1"]
[WhiteElo "2669"]
[BlackElo "2520"]
[PlyCount "68"]
[EventDate "2015.12.20"]
[EventType "swiss"]
[EventRounds "9"]
[EventCountry "QAT"]
[Source "lmi"]
[SourceDate "2015.12.20"]

1. e4 e5 2. Nc3 Nf6 3. g3 Bc5 4. Bg2 Nc6 5. Nge2 a6 6. O-O d6 7. h3 h5 8. Nd5
h4 9. g4 Nd4 10. Nxd4 Bxd4 11. c3 Ba7 12. d4 Nxd5 13. exd5 O-O 14. Be3 Bd7 15.
f4 exd4 16. Bxd4 Qf6 17. Bxa7 Rxa7 18. g5 Qg6 19. Qe1 Qh7 20. Be4 Qh5 21. Bf3
Qh7 22. Bg4 Bxg4 23. hxg4 Raa8 24. f5 Rae8 25. Qd2 h3 26. Kh2 Qh4 27. Rf3 Re4
28. Qf2 Qxg5 29. Rg1 Rfe8 30. Qg3 Re2+ 31. Kh1 Rxb2 32. Re1 Rxe1+ 33. Qxe1 Qxg4
34. Rg3 Qxf5 0-1

[Event "Qatar Masters Open 2015"]
[Site "Doha QAT"]
[Date "2015.12.24"]
[Round "5.20"]
[White "Wang, Yiye"]
[Black "Duda, Jan-Krzysztof"]
[Result "1/2-1/2"]
[WhiteElo "2438"]
[BlackElo "2663"]
[PlyCount "131"]
[EventDate "2015.12.20"]
[EventType "swiss"]
[EventRounds "9"]
[EventCountry "QAT"]
[Source "lmi"]
[SourceDate "2015.12.20"]

1. e4 c5 2. Nf3 d6 3. Bb5+ Nd7 4. c4 Ngf6 5. Nc3 e5 6. d3 Be7 7. O-O O-O 8.
Bxd7 Nxd7 9. Nd5 f5 10. exf5 Rxf5 11. Nd2 Bf8 12. Ne4 Nb6 13. g4 Rf7 14. Ng5
Qd7 15. f4 Nxd5 16. cxd5 exf4 17. Nxf7 Qxf7 18. Bxf4 Qxd5 19. h3 Be6 20. Qf3 a5
21. Qxd5 Bxd5 22. d4 c4 23. Rae1 c3 24. bxc3 Bxa2 25. Bc1 Bc4 26. Rf2 d5 27.
Bg5 a4 28. Be7 Bxe7 29. Rxe7 a3 30. Re1 a2 31. Ra1 Ra3 32. Kg2 h6 33. Rf3 Kh7
34. Kg3 Kg6 35. Kg2 b5 36. Kg3 h5 37. gxh5+ Kxh5 38. Kg2 Ra6 39. Rf5+ g5 40.
Rf2 Ra8 41. Kg3 Re8 42. Kg2 Re3 43. Rf3 Re8 44. Rf2 Ra8 45. Kg3 Ra4 46. Kg2 b4
47. cxb4 Rxb4 48. Raxa2 Bxa2 49. Rxa2 Rxd4 50. Ra6 Rd3 51. Rd6 d4 52. Kf2 Rd2+
53. Ke1 Rd3 54. Kf2 Rd1 55. Ke2 Rh1 56. Rxd4 Rxh3 57. Kf2 Rh4 58. Rd6 Ra4 59.
Kg3 Ra3+ 60. Kg2 Kh4 61. Rd4+ g4 62. Rd2 Rf3 63. Rd8 Rh3 64. Rh8+ Kg5 65. Rxh3
gxh3+ 66. Kxh3 1/2-1/2

[Event "Qatar Masters Open 2015"]
[Site "Doha QAT"]
[Date "2015.12.24"]
[Round "5.22"]
[White "Khairullin, Ildar"]
[Black "Yuffa, Daniil"]
[Result "1/2-1/2"]
[WhiteElo "2647"]
[BlackElo "2504"]
[PlyCount "152"]
[EventDate "2015.12.20"]
[EventType "swiss"]
[EventRounds "9"]
[EventCountry "QAT"]
[Source "lmi"]
[SourceDate "2015.12.20"]

1. d4 Nf6 2. c4 c5 3. d5 b5 4. cxb5 a6 5. bxa6 g6 6. Nc3 Bg7 7. e4 Qa5 8. Bd2
O-O 9. Nf3 Bxa6 10. Be2 Qb4 11. Bxa6 Nxa6 12. Qe2 Qxb2 13. Rb1 Qa3 14. e5 Ne8
15. Rb3 Qa5 16. O-O Nec7 17. Qc4 d6 18. Rfb1 Rab8 19. a3 Rxb3 20. Rxb3 Nb8 21.
Bg5 f6 22. exd6 exd6 23. Bf4 Qa6 24. Qxa6 Ncxa6 25. Bxd6 Rc8 26. Rb7 Rd8 27.
Rb6 f5 28. Be5 Nd7 29. Rd6 Nab8 30. Bxg7 Kxg7 31. g3 Rc8 32. Re6 c4 33. Re7+
Kf6 34. d6 Nb6 35. Rxh7 Rc6 36. Rb7 N8d7 37. a4 Rxd6 38. a5 Rd3 39. axb6 Rxc3
40. Nd4 Ne5 41. Rc7 Rc1+ 42. Kg2 Rb1 43. b7 c3 44. h3 Rb2 45. Kf1 Nf7 46. Rxc3
Rxb7 47. Rc6+ Kg7 48. Ne6+ Kh6 49. Nf4 Ne5 50. Re6 Rb5 51. Re7 g5 52. Re6+ Kh7
53. Ne2 Nf3 54. Nc3 Rb3 55. Re3 g4 56. hxg4 Nh2+ 57. Kg2 Nxg4 58. Re7+ Kg6 59.
Nd5 Rb2 60. Nf4+ Kf6 61. Re6+ Kf7 62. Re2 Rxe2 63. Nxe2 Kf6 64. Kf3 Ke5 65. Nf4
Nh2+ 66. Ke3 Ng4+ 67. Ke2 Kd4 68. Ng6 Nf6 69. Kf3 Ne4 70. Nh4 Ke5 71. Ke3 Nc3
72. Ng6+ Kf6 73. Nf4 Ke5 74. Nd3+ Kf6 75. Kd4 Ne4 76. Kd5 Kg5 1/2-1/2

[Event "Qatar Masters Open 2015"]
[Site "Doha QAT"]
[Date "2015.12.24"]
[Round "5.23"]
[White "Vidit, Santosh Gujrathi"]
[Black "Sundararajan, Kidambi"]
[Result "1-0"]
[WhiteElo "2644"]
[BlackElo "2513"]
[PlyCount "35"]
[EventDate "2015.12.20"]
[EventType "swiss"]
[EventRounds "9"]
[EventCountry "QAT"]
[Source "lmi"]
[SourceDate "2015.12.20"]

1. d4 Nf6 2. c4 e6 3. Nf3 Bb4+ 4. Bd2 Qe7 5. g3 Bxd2+ 6. Qxd2 O-O 7. Bg2 d5 8.
O-O Nc6 9. b3 Rd8 10. Qb2 Ne4 11. Nc3 Bd7 12. cxd5 exd5 13. Nxd5 Qd6 14. Ne3
Qf6 15. Rad1 Be6 16. Qc2 Ng5 17. Nxg5 Qxg5 18. d5 1-0

[Event "Qatar Masters Open 2015"]
[Site "Doha QAT"]
[Date "2015.12.24"]
[Round "5.24"]
[White "Abdumalik, Zhansaya"]
[Black "Nguyen, Ngoc Truong Son"]
[Result "0-1"]
[WhiteElo "2390"]
[BlackElo "2642"]
[PlyCount "96"]
[EventDate "2015.12.20"]
[EventType "swiss"]
[EventRounds "9"]
[EventCountry "QAT"]
[Source "lmi"]
[SourceDate "2015.12.20"]

1. e4 e5 2. Nf3 Nc6 3. Bb5 a6 4. Ba4 Nf6 5. O-O Be7 6. Re1 b5 7. Bb3 d6 8. c3
O-O 9. h3 Bb7 10. d4 Nd7 11. Nbd2 exd4 12. cxd4 Re8 13. Nf1 Na5 14. Bc2 Bf6 15.
Ng3 g6 16. Rb1 c5 17. d5 Nc4 18. b3 Ncb6 19. Nh2 Bg7 20. Be3 b4 21. Ng4 Ne5 22.
Nh2 a5 23. f4 Ned7 24. Nf3 a4 25. Qc1 axb3 26. axb3 Ra2 27. Rf1 Qa8 28. Bd2 Ba6
29. Re1 Bb5 30. Nf1 Qa6 31. N1h2 Nf6 32. e5 Nfxd5 33. exd6 Rxe1+ 34. Nxe1 Nd7
35. Nhf3 Qxd6 36. Bd3 Bxd3 37. Nxd3 Nc3 38. Bxc3 bxc3 39. Qf1 Bd4+ 40. Kh1 Nf6
41. Nxd4 Qxd4 42. Re1 Rd2 43. Ne5 Nh5 44. Qc4 Qxc4 45. Nxc4 Rd3 46. Ne5 Rd4 47.
Nf3 c2 48. Nxd4 cxd4 0-1

[Event "Qatar Masters Open 2015"]
[Site "Doha QAT"]
[Date "2015.12.24"]
[Round "5.25"]
[White "Raja, Harshit"]
[Black "Sasikiran, Krishnan"]
[Result "1/2-1/2"]
[WhiteElo "2325"]
[BlackElo "2638"]
[PlyCount "131"]
[EventDate "2015.12.20"]
[EventType "swiss"]
[EventRounds "9"]
[EventCountry "QAT"]
[Source "lmi"]
[SourceDate "2015.12.20"]

1. e4 d5 2. exd5 Qxd5 3. Nc3 Qd6 4. d4 Nf6 5. Nf3 g6 6. Bg5 Bg7 7. Qd2 O-O 8.
Bc4 a6 9. a4 Be6 10. Bxe6 Qxe6+ 11. Qe2 Qxe2+ 12. Nxe2 Nbd7 13. Nc3 c5 14.
O-O-O b5 15. Rhe1 e6 16. Bxf6 Nxf6 17. dxc5 Rfc8 18. axb5 axb5 19. Nxb5 Rxc5
20. Nbd4 Ra1+ 21. Kd2 Ra2 22. Ra1 Bh6+ 23. Ke2 Rxb2 24. Ra8+ Bf8 25. Kf1 Nd7
26. Rd8 Rb7 27. Rd1 Nf6 28. Re1 Rd5 29. Rc8 Kg7 30. Nb3 Bb4 31. Rb1 Ne4 32. Rc4
Nd6 33. Rd4 Rxd4 34. Nbxd4 Bc5 35. Rxb7 Nxb7 36. Ke2 Kf8 37. c4 Ke7 38. Nb3 Bb6
39. Ne5 Bc7 40. Nd3 Nd6 41. c5 Nb5 42. h3 Nc3+ 43. Ke3 Nd5+ 44. Kd4 Kd7 45.
Ne5+ Bxe5+ 46. Kxe5 f6+ 47. Ke4 Kc6 48. Nd4+ Kd7 49. f4 Nb4 50. g4 f5+ 51. gxf5
exf5+ 52. Nxf5 gxf5+ 53. Kxf5 Ke7 54. Kg5 Kf7 55. Kh6 Kg8 56. f5 Nd5 57. c6 Ne7
58. f6 Nxc6 59. f7+ Kxf7 60. Kxh7 Ne5 61. Kh6 Kf6 62. Kh7 Kf7 63. Kh6 Nf3 64.
Kh5 Ng1 65. Kg4 Nxh3 66. Kxh3 1/2-1/2

[Event "Qatar Masters Open 2015"]
[Site "Doha QAT"]
[Date "2015.12.24"]
[Round "5.26"]
[White "Pham, Le Thao Nguyen"]
[Black "Grandelius, Nils"]
[Result "1/2-1/2"]
[WhiteElo "2319"]
[BlackElo "2632"]
[PlyCount "92"]
[EventDate "2015.12.20"]
[EventType "swiss"]
[EventRounds "9"]
[EventCountry "QAT"]
[Source "lmi"]
[SourceDate "2015.12.20"]

1. e4 c5 2. Nf3 e6 3. c3 Nf6 4. e5 Nd5 5. d4 cxd4 6. cxd4 b6 7. Bc4 Ba6 8. Nbd2
Be7 9. O-O O-O 10. Bxa6 Nxa6 11. Ne4 Nac7 12. Bg5 Bxg5 13. Nfxg5 f6 14. exf6
Nxf6 15. Qd3 Nxe4 16. Nxe4 Nd5 17. Nc3 Nf4 18. Qe3 Qg5 19. Qg3 Qh5 20. Kh1 Rf5
21. Qe3 Raf8 22. g3 Nd5 23. Nxd5 Rxd5 24. f4 Rb5 25. Rf2 Qd5+ 26. Kg1 Rc8 27.
b3 a5 28. Rd1 Qc6 29. Rdf1 Rf8 30. Rc1 Qd6 31. Rc4 Rd5 32. Rd2 Qe7 33. a4 Qf6
34. Rc1 Qf5 35. Rf2 h6 36. Kg2 b5 37. axb5 Rxb5 38. Rc5 Rxc5 39. dxc5 Rc8 40.
Rd2 Rxc5 41. Qf3 d5 42. Qe3 Rc6 43. Re2 h5 44. Qd2 Qb1 45. Qxa5 Rc1 46. Qb6 Qf5
1/2-1/2

[Event "Qatar Masters Open 2015"]
[Site "Doha QAT"]
[Date "2015.12.24"]
[Round "5.29"]
[White "Sethuraman, S.P."]
[Black "Sunilduth Lyna, Narayanan"]
[Result "1-0"]
[WhiteElo "2639"]
[BlackElo "2494"]
[PlyCount "91"]
[EventDate "2015.12.20"]
[EventType "swiss"]
[EventRounds "9"]
[EventCountry "QAT"]
[Source "lmi"]
[SourceDate "2015.12.20"]

1. e4 e5 2. Nf3 Nc6 3. Bb5 a6 4. Ba4 Nf6 5. O-O Be7 6. Re1 b5 7. Bb3 O-O 8. h3
d6 9. c3 Na5 10. Bc2 c5 11. d4 Nd7 12. b3 exd4 13. cxd4 Bb7 14. Nc3 b4 15. Nd5
Bxd5 16. exd5 Bf6 17. Qd3 g6 18. Bh6 Bg7 19. Bxg7 Kxg7 20. dxc5 dxc5 21. a3 Nf6
22. axb4 cxb4 23. d6 Nb7 24. Rad1 Qb6 25. Ne5 Rad8 26. Nc4 Qc6 27. Re7 Nc5 28.
Qd4 Ncd7 29. Be4 Qc5 30. Qa1 Kg8 31. Bf3 Qb5 32. Be2 Qc6 33. Qa5 Rb8 34. Bf3
Qb5 35. Qxb5 axb5 36. Na5 Rb6 37. Nc6 Kg7 38. g4 h6 39. h4 Nb8 40. Ne5 Ng8 41.
Rc7 Nf6 42. d7 Rd8 43. g5 hxg5 44. hxg5 Nh7 45. Bg4 Nxg5 46. f4 1-0

[Event "Qatar Masters Open 2015"]
[Site "Doha QAT"]
[Date "2015.12.24"]
[Round "5.30"]
[White "Schroeder, Jan-Christian"]
[Black "Piorun, Kacper"]
[Result "0-1"]
[WhiteElo "2511"]
[BlackElo "2637"]
[PlyCount "94"]
[EventDate "2015.12.20"]
[EventType "swiss"]
[EventRounds "9"]
[EventCountry "QAT"]
[Source "lmi"]
[SourceDate "2015.12.20"]

1. e4 c5 2. Nf3 e6 3. d4 cxd4 4. Nxd4 Nc6 5. Nc3 Qc7 6. Be3 a6 7. Be2 b5 8.
Nxc6 Qxc6 9. Bf3 Bb7 10. e5 Qc7 11. O-O Rd8 12. Bxb7 Qxb7 13. Qd4 Ne7 14. Bg5
Nf5 15. Qe4 Rb8 16. Qxb7 Rxb7 17. Ne4 h6 18. Bd2 Be7 19. a3 Rc7 20. Bc3 h5 21.
Rad1 Rc4 22. Rfe1 Rh6 23. Rd3 f6 24. Re2 h4 25. f3 fxe5 26. Bxe5 Rc6 27. Bc3
Bd8 28. Be1 d6 29. Bf2 Be7 30. c3 Kf7 31. Nd2 Rh8 32. g4 hxg3 33. hxg3 g5 34.
Nf1 Rcc8 35. Nh2 Rh3 36. Kg2 Rch8 37. Ng4 d5 38. Ne5+ Kg7 39. f4 Rh2+ 40. Kf3
gxf4 41. Kxf4 Rf8 42. Nd7 Bd6+ 43. Kg5 Rg8 44. Kg4 Kf7+ 45. Kf3 Nxg3 46. Ne5+
Bxe5 47. Rxe5 Ne4 0-1

[Event "Qatar Masters Open 2015"]
[Site "Doha QAT"]
[Date "2015.12.24"]
[Round "5.31"]
[White "Naroditsky, Daniel"]
[Black "Puranik, Abhimanyu"]
[Result "1-0"]
[WhiteElo "2628"]
[BlackElo "2442"]
[PlyCount "81"]
[EventDate "2015.12.20"]
[EventType "swiss"]
[EventRounds "9"]
[EventCountry "QAT"]
[Source "lmi"]
[SourceDate "2015.12.20"]

1. d4 Nf6 2. c4 g6 3. f3 d5 4. cxd5 Nxd5 5. e4 Nb6 6. Nc3 Bg7 7. Be3 O-O 8. Qd2
Nc6 9. O-O-O Qd6 10. Kb1 Rd8 11. Nb5 Qd7 12. d5 a6 13. Nc3 Qe8 14. Qc1 Na5 15.
Bf4 e5 16. Be3 Qf8 17. b3 Bd7 18. Qb2 Rac8 19. Bd3 Bb5 20. Nxb5 axb5 21. Bxb5
Ra8 22. Rc1 Nxd5 23. Bc5 Ne7 24. b4 Nac6 25. Bxc6 bxc6 26. Ne2 Qe8 27. Rhd1
Rdb8 28. Qd2 Rd8 29. Qg5 f6 30. Qe3 Qf7 31. Rxd8+ Rxd8 32. Kb2 Nc8 33. Qb3 Bh6
34. Rc2 Qxb3+ 35. Kxb3 Rd3+ 36. Nc3 Nd6 37. a4 f5 38. a5 fxe4 39. a6 Nf5 40.
fxe4 Nh4 41. Be7 1-0

[Event "Qatar Masters Open 2015"]
[Site "Doha QAT"]
[Date "2015.12.24"]
[Round "5.33"]
[White "Shoker, Samy"]
[Black "Bartel, Mateusz"]
[Result "0-1"]
[WhiteElo "2489"]
[BlackElo "2620"]
[PlyCount "78"]
[EventDate "2015.12.20"]
[EventType "swiss"]
[EventRounds "9"]
[EventCountry "QAT"]
[Source "lmi"]
[SourceDate "2015.12.20"]

1. Nf3 d6 2. e4 c5 3. g3 Nc6 4. Bg2 Nf6 5. d3 g6 6. O-O Bg7 7. c3 O-O 8. h3 c4
9. Na3 cxd3 10. Qxd3 Nd7 11. Be3 Nc5 12. Qc2 Bd7 13. Rad1 Qc8 14. Kh2 b6 15.
Rfe1 Qa6 16. Bc1 b5 17. Bf1 Rab8 18. Be3 Na4 19. Nd4 Nxd4 20. Bxd4 Rfc8 21. e5
d5 22. Qd2 e6 23. Rb1 Qb7 24. Nc2 a5 25. Ne3 h5 26. g4 b4 27. c4 dxc4 28. Nxc4
Qd5 29. b3 Bc6 30. f3 Qxf3 31. gxh5 Nc3 32. Bxc3 bxc3 33. Qg2 Qxh5 34. Qg3 Bh6
35. Nxa5 c2 36. Rbc1 Be4 37. Nc4 Bxc1 38. Rxc1 Rxc4 39. bxc4 Qh6 0-1

[Event "Qatar Masters Open 2015"]
[Site "Doha QAT"]
[Date "2015.12.24"]
[Round "5.34"]
[White "Lu, Shanglei"]
[Black "Mohammad, Nubairshah Shaikh"]
[Result "1-0"]
[WhiteElo "2618"]
[BlackElo "2414"]
[PlyCount "69"]
[EventDate "2015.12.20"]
[EventType "swiss"]
[EventRounds "9"]
[EventCountry "QAT"]
[Source "lmi"]
[SourceDate "2015.12.20"]

1. e4 c6 2. Nc3 d5 3. Nf3 dxe4 4. Nxe4 Nf6 5. Qe2 Nxe4 6. Qxe4 Nd7 7. Bc4 Nf6
8. Ne5 e6 9. Qe2 Be7 10. c3 O-O 11. d4 Nd7 12. h4 Nxe5 13. dxe5 c5 14. Qe4 Bd7
15. Bh6 f5 16. exf6 Rxf6 17. O-O-O Rxh6 18. Qxb7 Rb8 19. Qxa7 Bxh4 20. Kb1 Qf8
21. Rxd7 Kh8 22. f3 Qf5+ 23. Bd3 Qe5 24. Qc7 Bf6 25. Rc1 Rh2 26. Qxe5 Bxe5 27.
Bf1 h5 28. Re7 h4 29. Rxe6 h3 30. Rxe5 hxg2 31. Be2 Rd8 32. Kc2 Kh7 33. Rg1 Kh6
34. a4 g5 35. a5 1-0

[Event "Qatar Masters Open 2015"]
[Site "Doha QAT"]
[Date "2015.12.24"]
[Round "5.35"]
[White "Sagar, Shah"]
[Black "Hamdouchi, Hicham"]
[Result "0-1"]
[WhiteElo "2441"]
[BlackElo "2597"]
[PlyCount "110"]
[EventDate "2015.12.20"]
[EventType "swiss"]
[EventRounds "9"]
[EventCountry "QAT"]
[Source "lmi"]
[SourceDate "2015.12.20"]

1. d4 Nf6 2. c4 g6 3. Nf3 Bg7 4. g3 O-O 5. Bg2 d5 6. cxd5 Nxd5 7. O-O Nc6 8. e4
Nb6 9. d5 Na5 10. Qe1 Nac4 11. Nc3 e5 12. b3 Nd6 13. a4 a5 14. Ba3 Bd7 15. Nd2
Re8 16. Qe2 Bf8 17. Rfc1 f5 18. Nc4 Nbxc4 19. bxc4 b6 20. exf5 gxf5 21. Nb5 Rb8
22. Qh5 Nb7 23. Bh3 Bxa3 24. Rxa3 Rf8 25. Re3 Nc5 26. Rd1 Be8 27. Qh6 Bxb5 28.
cxb5 Qd6 29. Qg5+ Qg6 30. Qxg6+ hxg6 31. Rxe5 Rfe8 32. Rxe8+ Rxe8 33. d6 cxd6
34. Rxd6 Re6 35. Rc6 Kf7 36. Bf1 Ke7 37. Bc4 Rd6 38. Rc7+ Kd8 39. Rg7 Nxa4 40.
Bf7 Nc3 41. Rxg6 Ke7 42. Rg7 Kf8 43. Rh7 Rd7 44. Rh6 Kxf7 45. Rxb6 a4 46. Ra6
Rb7 47. b6 Ke6 48. h4 Kd5 49. h5 Kc4 50. f3 Kb3 51. g4 a3 52. Rxa3+ Kxa3 53. g5
Ne2+ 54. Kf2 Nf4 55. h6 Nh3+ 0-1